Komunikačná politika spoločnosti Laboratoire Bioderma Slovakia s.r.o. pre produktovú radu Matriciane diplomová práca

Salvato in:
Dettagli Bibliografici
Autore principale: Hlinická, Zuzana
Ente Autore: Obchodná fakulta EU. Katedra marketingu
Altri autori: Drábik, Peter, 1981-
Natura: Libro
Lingua:slovacco
Pubblicazione: Bratislava 2013
Tags: Aggiungi Tag
Nessun Tag, puoi essere il primo ad aggiungerne!!

MARC

LEADER 00000nbm a2200000 4500
001 0169608
005 20161109102315.2
041 0 |a slo 
044 |a SK 
245 1 0 |a Komunikačná politika spoločnosti Laboratoire Bioderma Slovakia s.r.o. pre produktovú radu Matriciane  |b diplomová práca  |c Zuzana Hlinická ; školiteľ: Peter Drábik 
264 1 |a Bratislava  |c 2013 
300 |a 69 s. 
100 1 |a Hlinická, Zuzana 
700 1 |a Drábik, Peter, 1981- 
710 2 |a Obchodná fakulta EU. Katedra marketingu